000 01001nam a2200313 i 4500
003 CO-BoRNBP
005 20230607150844.0
007 ta
008 200407s9999 XX 000 0 und d
020 _a8422668084
040 _aCO-BoRNBP
_bspa
_erda
_cCO-BoRNBP
041 _aspa
084 _aN STE15
100 1 _aSteel, Danielle
_92504
245 0 _aEl honor del silencio /
_c Danielle Steel ; traducido por Gemma Moral Bartolomé
250 _a1a. edición
264 1 _aBarcelona :
_b Círculo de Lectores,
_c 1997
300 _a316 páginas
336 _atexto
_btxt
_2rdacontent
337 _asin mediación
_bn
_2rdamedia
338 _avolumen
_bnc
_2rdacarrier
500 _aTítulo original: Silent Honor
650 1 7 _aAmor en la literatura
_2LEMB
_969
650 1 7 _aAutores estadounidenses
_2LEMB
_9718
650 1 7 _aLiteratura estadounidense - siglo XX
_2LEMB
_92505
650 1 7 _aNovela estadounidense - siglo XX
_2LEMB
_92506
700 _aMoral Bartolomé, Gemma
_92507
942 _cBK
999 _c9656
_d9656